[Event "II Liga SSCS 2015 - Istok"]
[Site "VRNJAČKA BANJA - Hotel "]
[Date "2015.10.09"]
[Round "8.62"]
[White "NECEVSKI, Aleksandar"]
[Black "NADJ HEDJESI, Balind"]
[Result "1-0"]
[WhiteElo "2286"]
[BlackElo "2399"]
[PlyCount "0"]
[EventDate "2015.08.28"]

1.d4 Nf6 2.c4 e6 3.Nc3 Bb4 4.Qc2 c5 5.a3 Bxc3+ 6.bxc3 b6 7.e4
d6 8.Bd3 Nc6 9.Ne2 e5 10.O-O O-O 11.f4 Bg4 12.d5 Bxe2 13.Bxe2
Ne7 14.fxe5 dxe5 15.Bg5 Ne8 16.Bg4 Nd6 17.Qe2 f6 18.Bh4 Nec8
19.Be6+ Kh8 20.Rf3 Qe8 21.Rh3 Nb7 22.Qg4 Ncd6 23.Rf1 Nd8 24.Bf5
Nxf5 25.Qxf5 h6 26.Bg5 Rf7 27.Bxh6 Kg8 28.Bd2 Nb7 29.Qh7+ Kf8
30.Rg3 Nd6 31.Rxg7 Rxg7 32.Rxf6+ Rf7 1-0

[Event "II Liga SSCS 2015 - Istok"]
[Site "VRNJAČKA BANJA - Hotel "]
[Date "2015.10.09"]
[Round "8.63"]
[White "CABARKAPA, Novak  **"]
[Black "BOJKOVIC, Slobodan"]
[Result "1-0"]
[WhiteElo "2377"]
[BlackElo "2213"]
[PlyCount "0"]
[EventDate "2015.08.28"]

1.b3 e5 2.Bb2 Nc6 3.e3 d6 4.c4 g6 5.g3 Bg7 6.Bg2 f5 7.Ne2 Nf6
8.O-O O-O 9.Nbc3 a5 10.d3 Ne7 11.Qd2 g5 12.f4 gxf4 13.exf4 Ng6
14.d4 e4 15.d5 Nd7 16.Nd1 Nc5 17.Bxg7 Kxg7 18.Ne3 Kg8 19.Nd4
Qf6 20.Bh3 Ne7 21.Nb5 Na6 22.Qc3 c6 23.Qxf6 Rxf6 24.Nc3 Nc5 25.Rfd1
Bd7 26.Rab1 Kf7 27.a3 Bc8 28.Bf1 Ke8 29.Kf2 Kd7 30.b4 axb4 31.axb4
Na4 32.dxc6+ bxc6 33.Nxa4 Rxa4 34.c5 Ra2+ 35.Kg1 Rh6 36.b5 Bb7
37.Nc4 d5 38.b6 Rhxh2 39.Nd6 e3 40.Re1 Ba6 41.Ra1 Bxf1 42.Rxa2
Rxa2 43.Kxf1 d4 44.Rb1 Nd5 45.b7 Nc3 46.Kg1 Rf2 47.Nxf5 Ne2+
48.Kh1 Ke6 49.g4 Kd5 50.b8Q Ke4 51.Qd6 h5 52.Qxc6+ Kxf4 53.Qh6+
Ke4 54.Qxh5 Nc3 55.Re1 Re2 56.Kg1 Rf2 57.Ng3+ Kd3 58.Ne2 1-0

[Event "II Liga SSCS 2015 - Istok"]
[Site "VRNJAČKA BANJA - Hotel "]
[Date "2015.10.09"]
[Round "8.64"]
[White "MITROVIC, Darko R"]
[Black "RADUSINOVIC, Lazar  *"]
[Result "1/2-1/2"]
[WhiteElo "2241"]
[BlackElo "2339"]
[PlyCount "0"]
[EventDate "2015.08.28"]

1.e4 c5 2.Nf3 Nc6 3.d4 cxd4 4.Nxd4 e5 5.Nb5 d6 6.c4 Be7 7.N1c3
a6 8.Na3 f5 9.exf5 Bxf5 10.Bd3 Be6 11.O-O Nf6 12.Nc2 O-O 13.b3
Kh8 14.Bg5 Qe8 15.Ne3 Rd8 16.Bxf6 Bxf6 17.Rc1 Bg5 18.Be4 Rd7
19.Ncd5 Nd4 20.Rc3 Bd8 21.Nc2 Nf5 22.Rd3 g6 23.Nde3 Bb6 24.Bxf5
gxf5 25.Rxd6 f4 1/2-1/2

[Event "II Liga SSCS 2015 - Istok"]
[Site "VRNJAČKA BANJA - Hotel "]
[Date "2015.10.09"]
[Round "8.65"]
[White "RAVIC, Nenad"]
[Black "LAZAREVIC, Slobodan"]
[Result "1/2-1/2"]
[WhiteElo "2316"]
[BlackElo "2261"]
[PlyCount "0"]
[EventDate "2015.08.28"]

1.e4 c5 2.Nf3 Nc6 3.d4 cxd4 4.Nxd4 Nf6 5.Nc3 e5 6.Ndb5 d6 7.Bg5
a6 8.Na3 Be6 9.Nc4 Rc8 10.Bxf6 gxf6 11.Nd5 f5 12.exf5 Bxf5 13.c3
Be6 14.Nce3 Bg7 15.Bd3 Bxd5 16.Nxd5 Ne7 17.Qg4 Nxd5 18.Qxg7 Qf6
19.Qxf6 Nxf6 20.Bf5 Rc5 21.O-O-O Ke7 22.Rhe1 a5 23.f4 h6 24.Rd2
Re8 25.g4 b5 26.Kb1 Rd5 27.Rxd5 Nxd5 28.fxe5 Kd8 29.e6 Nc7 30.e7+
Rxe7 31.Rxe7 Kxe7 32.Kc2 d5 33.Kb3 Na6 34.Bc8 Nc5+ 35.Ka3 Kd6
36.b4 axb4+ 37.Kxb4 Kc6 38.Bf5 1/2-1/2